| 000 | 00824nam a2200253 a 4500 | ||
|---|---|---|---|
| 001 | 000016533 | ||
| 003 | DO-SdBNP | ||
| 005 | 20180202151452.0 | ||
| 007 | 000016533 | ||
| 008 | 100308s1987 dr 001 0 spa d | ||
| 040 |
_aBPMET _bspa _cBPMET |
||
| 092 |
_axxx _bW721p |
||
| 100 | 1 | _aWilliams Zorrilla, Héctor | |
| 245 | 1 | 0 |
_aPsicología femenina y masculina del matrimonio / _cHéctor Williams Zorrilla. |
| 260 |
_aSanto Domingo : _bTaller, _c1987. |
||
| 300 |
_a232 p. : _b23 cm. |
||
| 500 | _aIncluye datos biográficos del autor en la contracubierta | ||
| 504 | _aIncluye bibliografías [p. 227-228] | ||
| 930 | 1 |
_lBND01 _mLF1 _820100308 _f01 _pHD _g11202 |
|
| 942 |
_2ddc _cBK |
||
| 945 | _aInventariado, 2018 / BT | ||
| 956 |
_aIGARCIA _b10 _c20100317 _lBND01 _h1058 |
||
| 956 |
_aVMATEO _b10 _c20150505 _lBMET02 _h00151 |
||
| 999 |
_c7780 _d7780 |
||